000 01059nam a22002537a 4500
005 20170124103047.0
010 _aA-873882
020 _c90.00
_a8170561310
035 _aA-873882
037 _bCen Lib/Ret
040 _aDPL
_bHN
082 _a
_bअग्निहो
100 _aअग्निहोत्री, कृष्णा
_947612
245 _aसर्प-दंश /
_cकृष्णा अग्निहोत्री
246 _aSarp-dansh /
_bby Krishna Agnihotri
260 _aजयपुर
_bपंचशील प्रकाशन
_c1997
270 _aफिल्म कॉलोनी, चौड़ा रास्ता
_bजयपुर
_e302003
300 _a167पृ.
_c17सेमी (सजिल्द)
650 _a हिन्दी साहित्य
_969361
650 _a हिन्दी साहित्य -- कहानियाँ
_969362
650 _aHindi literature
_969363
650 _aHindi literature -Stories
_969364
942 _2ddc
_cHN
_h
_mअग्निहो
999 _c116979
_d116979